LIBRARY ONLINE CATALOGUE

Principles of plant physiology / (Record no. 6604)

MARC details
000 -LEADER
fixed length control field 00603nam a22002052 4500
001 - CONTROL NUMBER
control field 0000004701
005 - DATE AND TIME OF LATEST TRANSACTION
control field 20151217151938.0
008 - FIXED-LENGTH DATA ELEMENTS--GENERAL INFORMATION
fixed length control field 070528s xx 000 0 eng d
040 ## - CATALOGING SOURCE
Original cataloging agency KABU
Transcribing agency KABU
050 #0 - LIBRARY OF CONGRESS CALL NUMBER
Classification number QK711.2
Item number .B66
100 1# - MAIN ENTRY--PERSONAL NAME
Personal name Bonner, James.
-- 0000155411
245 10 - TITLE STATEMENT
Title Principles of plant physiology /
Statement of responsibility, etc. James Bonner, Arthur G. Galston.
260 ## - PUBLICATION, DISTRIBUTION, ETC. (IMPRINT)
Place of publication, distribution, etc. London :
Name of publisher, distributor, etc. WH Freeman,
Date of publication, distribution, etc. 1952.
300 ## - PHYSICAL DESCRIPTION
Extent ix, 499 p.
650 #0 - SUBJECT ADDED ENTRY--TOPICAL TERM
Topical term or geographic name as entry element Plant physiology.
-- 0000155410
700 1# - ADDED ENTRY--PERSONAL NAME
Personal name Galston, A. G.
-- 0000155412
908 ## - PUT COMMAND PARAMETER (RLIN)
Put command parameter 070528
950 ## - LOCAL HOLDINGS (RLIN)
-- 1
Holdings
Withdrawn status Lost status Source of classification or shelving scheme Not for loan Home library Current library Date acquired Total Checkouts Full call number Barcode Date last seen Price effective from Koha item type
    Library of Congress Classification   Kabarak, Main Campus Kabarak, Main Campus 17/12/2015   QK711.2 .B66 007301 17/12/2015 17/12/2015 General Collection